Alternative Approaches to Efficiency Evaluation of Higher Education Institutions

Alternatívne prístupy k hodnotenie efektívnosti výučby na slovenských ekonomických fakultách. Aplikácia dvoch odlišných kvantitatívnych prístupov - ekonometrického prístupu (Stochastic Frontier Analysis) a metódy multikriterálneho rozhodovania (PROMETHEE II). Skúmaných bolo 11 ekonomických fakúlt v...

Ausführliche Beschreibung

Gespeichert in:
Bibliographische Detailangaben
1. Verfasser: Furková, Andrea, 1975-
Format: Buchkapitel
Sprache:Englisch
Schlagworte:
Tags: Tag hinzufügen
Keine Tags, Fügen Sie das erste Tag hinzu!

MARC

LEADER 00000nla a2200000 4500
001 0177353
005 20240502083419.2
041 0 |a eng 
044 |a CZ 
245 1 0 |a Alternative Approaches to Efficiency Evaluation of Higher Education Institutions  |c Andrea Furková 
520 |a Alternatívne prístupy k hodnotenie efektívnosti výučby na slovenských ekonomických fakultách. Aplikácia dvoch odlišných kvantitatívnych prístupov - ekonometrického prístupu (Stochastic Frontier Analysis) a metódy multikriterálneho rozhodovania (PROMETHEE II). Skúmaných bolo 11 ekonomických fakúlt v období piatich rokov. 
610 2 0 |a školy vysoké 
610 2 0 |a fakulty 
610 2 0 |a výkonnosť 
610 2 0 |a efektívnosť vzdelávania 
100 1 |a Furková, Andrea, 1975-